00498nam a22001697a 4500003000400000008004100004082001800045100002600063245009500089260006800184300000900252502001700261650001700278650001100295650001100306650001100317OSt260429b |||||||| |||| 00| 0 eng d a634.421bC35C aChoudhary, Ramawatar. aCrop Regulation of Guava (Psidium guajava Linn.) with Chemicals / cby Ramawatar Choudhary a.- Sabour, Bhagalpurb: Bihar Agricultural College, RAUc, 1994 a98p. bPh. D.d1994 aHorticulture aGuavas aThesis aPh. D.